|
|
|
|
| LEADER |
01726nam a22003613i 4500 |
| 001 |
EBC30642581 |
| 003 |
MiAaPQ |
| 005 |
20231204023231.0 |
| 006 |
m o d | |
| 007 |
cr cnu|||||||| |
| 008 |
231204s2023 xx o ||||0 eng d |
| 020 |
|
|
|a 9798887191836
|q (electronic bk.)
|
| 035 |
|
|
|a (MiAaPQ)EBC30642581
|
| 035 |
|
|
|a (Au-PeEL)EBL30642581
|
| 040 |
|
|
|a MiAaPQ
|b eng
|e rda
|e pn
|c MiAaPQ
|d MiAaPQ
|
| 100 |
1 |
|
|a Martin, Barbara.
|
| 245 |
1 |
0 |
|a Roy and Zhores Medvedev :
|b Loyal Dissent in the Soviet Union.
|
| 250 |
|
|
|a 1st ed.
|
| 264 |
|
1 |
|a Brighton :
|b Academic Studies Press,
|c 2023.
|
| 264 |
|
4 |
|c Ã2023.
|
| 300 |
|
|
|a 1 online resource (244 pages)
|
| 336 |
|
|
|a text
|b txt
|2 rdacontent
|
| 337 |
|
|
|a computer
|b c
|2 rdamedia
|
| 338 |
|
|
|a online resource
|b cr
|2 rdacarrier
|
| 490 |
1 |
|
|a Modern Biographies Series
|
| 520 |
|
|
|a The unique trajectory of Soviet dissident twin brothers Roy and Zhores Medvedev takes us through a century of history, from Stalin to Putin. They achieved fame as the first authors of independent research on Stalinism from within the USSR, but their lives were also marked by controversy.
|
| 588 |
|
|
|a Description based on publisher supplied metadata and other sources.
|
| 590 |
|
|
|a Electronic reproduction. Ann Arbor, Michigan : ProQuest Ebook Central, 2023. Available via World Wide Web. Access may be limited to ProQuest Ebook Central affiliated libraries.
|
| 655 |
|
4 |
|a Electronic books.
|
| 776 |
0 |
8 |
|i Print version:
|a Martin, Barbara
|t Roy and Zhores Medvedev
|d Brighton : Academic Studies Press,c2023
|
| 797 |
2 |
|
|a ProQuest (Firm)
|
| 830 |
|
0 |
|a Modern Biographies Series
|
| 856 |
4 |
0 |
|u https://ebookcentral.proquest.com/lib/matrademy/detail.action?docID=30642581
|z Click to View
|